000 00505nam a22001697a 4500
005 20230112113009.0
008 220208b ||||| |||| 00| 0 eng d
020 _a978-81-239-2372-7
041 _aeng
082 _a615
100 _aGHOSE, BIJAYA AND DHURKE, RAJESHRI
_96977
245 _aLABORATORY MANUAL FOR PHARMACEUTICAL TECHNOLOGY AND BIOPHARMACEUTICS EXPERIMENTS
260 _aNEW DELHI
_bCBS PUBLISHERS AND DISTRIBUTORS
300 _a147,;p
650 _aPHARMACY
_xB.PHARMA
_97083
942 _cBK
999 _c7861
_d7859